| 000 | 00445cam a22001451 4500 | ||
|---|---|---|---|
| 001 | 000000977 | ||
| 005 | 20200929145446.0 | ||
| 008 | 750418s1948 nyua 000 0 eng | ||
| 040 |
_aDO-SdBNP _bspa _cBNPHU |
||
| 082 |
_a728.3 _bP857p |
||
| 100 | 1 |
_aPost, Emily _d1872-1960. _93427 |
|
| 245 | 1 | 4 |
_aThe personality of a house : _bthe blue book of home charm. |
| 260 |
_aNew York : _bFunk & Wagnalls Co., _c[1948]. |
||
| 300 |
_axvi, 492 p. : _bil. ; _c24 cm. |
||
| 999 |
_c964 _d964 |
||